Economics for Eastern Africa (Record no. 49)

000 -LEADER
fixed length control field 00543nam a22001937a 4500
003 - CONTROL NUMBER IDENTIFIER
control field OSt
005 - DATE AND TIME OF LATEST TRANSACTION
control field 20210528125645.0
008 - FIXED-LENGTH DATA ELEMENTS--GENERAL INFORMATION
fixed length control field 210528b ||||| |||| 00| 0 eng d
020 ## - INTERNATIONAL STANDARD BOOK NUMBER
International Standard Book Number 9966461434
040 ## - CATALOGING SOURCE
Transcribing agency Alupe University
050 ## - LIBRARY OF CONGRESS CALL NUMBER
Classification number HB171.5
Item number .L7343 1980
245 ## - TITLE STATEMENT
Title Economics for Eastern Africa
260 ## - PUBLICATION, DISTRIBUTION, ETC.
Place of publication, distribution, etc. Nairobi, Kenya
Name of publisher, distributor, etc. Heinemann
Date of publication, distribution, etc. 1980
300 ## - PHYSICAL DESCRIPTION
Extent xx, 572 pages
Other physical details : illustrations
Dimensions ; 25 cm
500 ## - GENERAL NOTE
General note Includes bibliographical references and index
942 ## - ADDED ENTRY ELEMENTS (KOHA)
Source of classification or shelving scheme
Koha item type Book
Holdings
Withdrawn status Lost status Source of classification or shelving scheme Damaged status Not for loan Permanent Location Current Location Shelving location Date acquired Total Checkouts Full call number Barcode Date last seen Price effective from Koha item type Public note Source of acquisition Copy number
          AU LIBRARY AU LIBRARY Open Shelf 28.05.2021   HB171.5 .L7343 1980 28000131 28.05.2021 28.05.2021 Book MW    
          AU LIBRARY AU LIBRARY Open Shelf 15.06.2021   HB171.5 .L7343 1980 C2 28001302 15.06.2021 15.06.2021 Book IO Donation 2

Powered by Koha